| 000 | 00868nam a22002772i 4500 | ||
|---|---|---|---|
| 001 | 76928 | ||
| 003 | BD-RjUL | ||
| 005 | 20211209082915.0 | ||
| 008 | 500101s1954 xxk 000 0 eng d | ||
| 035 | _aBD-RjUL) 77152 | ||
| 040 |
_aUKM _cUKM _dEQO _beng |
||
| 041 | _aeng | ||
| 082 |
_a799.2774428 _218 _bCOM 1954 |
||
| 092 | _aD0503382589 | ||
| 100 | 1 |
_aCorbett, Jim. _9238940 |
|
| 245 | 1 | 0 |
_aMan against man-eaters / _cJim Corbett |
| 260 |
_aLondon : _c1954 _bOxford University Press, |
||
| 300 |
_a162 p. : _bill. ; _c19 cm |
||
| 490 | 1 | _aEnglish readers' library | |
| 500 | _a"The pieces in this book are abridged from The man eaters of Kumaon and The man-eating leopard of Rudraprayag" Notes | ||
| 650 |
_aHunting _9238941 |
||
| 830 | 0 |
_aEnglish readers' library _9238943 |
|
| 942 |
_2ddc _cBK |
||
| 999 |
_c76928 _d76928 |
||